Pokemon Arenaleiter und Top 4 - 3. Gen. - Statistiken

Allgemein
  • Dieses Quiz wurde 91 mal gespielt
  • Das Durchschnittsergebnis liegt bei 26 aus 35
Antwortstatistiken
Hint Answers % Korrekt
Typ Gestein
96%
Typ Feuer
95%
Typ Kampf
95%
Name Norman
95%
Typ Wasser
95%
Name Wassili
95%
Typ Elektro
94%
Typ Flug
94%
Typ Normal
94%
Typ Psycho
94%
Typ Drache
92%
Typ Eis
92%
Typ Geist
92%
Name Troy
92%
Typ Unlicht
92%
Typ Stahl
87%
Name Walter
84%
Name Flavia
82%
Name Wibke
82%
Name Dragan
78%
Name Felizia
77%
Name Juan
77%
Name Kamillo
75%
Name Ben & Svenja
73%
Name Ulrich
69%
Name Frosina
62%
Name Antonia
57%
Orden Balanceorden
49%
Orden Steinorden
40%
Orden Dynamoorden
36%
Orden Hitzeorden
36%
Orden Knöchelorden
35%
Orden Federorden
34%
Orden Mentalorden
31%
Orden Schauerorden
31%
Keine übereinstimmenden Quizze gefunden
Verteilung der Resultate
Anzahl Personen mit jedem Resultat
Perzentil nach korrekt beantworteten Fragen
Ihre Resultats-Entwicklung
Sie haben dieses Quiz noch nicht gespielt